Statistics for Smallest Trading Partners - the Whole World

Click here to take the quiz!

General Stats

  • This quiz has been taken 103 times
  • The average score is 15 of 26

Answer Stats

exportsimportscountry% Correct
22.98 mil55.71 milNauru
84%
44.47 mil58.42 milTuvalu
84%
83.93 mil300.2 milSt Kitts and Nevis
83%
36.27 mil198.4 milGrenada
82%
6.54 mil153.5 milPalau
82%
56.04 mil349.8 milSamoa
82%
130.9 milKiribati
81%
139.4 milSão Tomé
and Príncipe
81%
43.90 mil375.7 milSt Vincent and
the Grenadines
81%
14.74 mil200.6 milTonga
78%
61.65 mil179.1 milMicronesia
76%
356.7 milVanuatu
76%
69.53 milComoros
72%
61.04 milAntigua
and Barbuda
70%
53.59 mil194.5 milDominica
65%
61.71 milCabo Verde
63%
63.68 milTimor-Leste
55%
94.01 mil385.2 milGambia
44%
347.6 milGuinea-Bissau
29%
171.0 milSouth Sudan
29%
88.49 milCentral African
Republic
28%
286.8 milEritrea
28%
2.23 mil18.43 milNiue
22%
36.98 mil149.8 milCook Islands
21%
95.02 milAruba
16%
9.47 mil2.19 milWestern Sahara
10%

Score Distribution

Percentile by Number Answered

Percent of People with Each Score

Your Score History

You have not taken this quiz